[Event "Amber-rapid 03rd"]
[Site "Monte Carlo"]
[Date "1994.03.26"]
[Round "1"]
[White "Polgar, Zsuzsa"]
[Black "Piket, Jeroen"]
[Result "0-1"]
[WhiteElo "2550"]
[BlackElo "2605"]
[PlyCount "108"]
[EventDate "1994.03.26"]
[EventType "tourn (rapid)"]
[EventRounds "11"]
[EventCountry "MNC"]
[EventCategory "16"]
[Source "ChessBase"]
[SourceDate "1994.07.01"]

1. d4 Nf6 2. c4 g6 3. Nf3 Bg7 4. g3 O-O 5. Bg2 c6 6. O-O d6 7. b3 Qa5 8. Bb2
Qh5 9. Nbd2 Bg4 10. Qc2 Nbd7 11. Rfe1 Rfe8 12. Nh4 e5 13. h3 Be6 14. dxe5 dxe5
15. e4 Rad8 16. Nf1 Nc5 17. Rad1 Rxd1 18. Rxd1 Nfd7 19. Bc1 g5 20. Bf3 Qh6 21.
Bg4 Nf6 22. Nf5 Qg6 23. Nd6 Rd8 24. Bf5 Qh5 25. Ba3 Bxf5 26. exf5 Nce4 27. Ne3
Nxd6 28. Bxd6 Qxh3 29. Bxe5 Re8 30. Qb2 Ng4 31. Bxg7 Nxe3 32. fxe3 Qxg3+ 33.
Qg2 Qxe3+ 34. Qf2 Kxg7 35. Rd7 b5 36. c5 Qxf2+ 37. Kxf2 Re5 38. b4 Rxf5+ 39.
Kg3 a5 40. Rc7 axb4 41. Rxc6 h5 42. Rc8 Rd5 43. Kf3 Rd3+ 44. Ke4 Rc3 45. Kd5 h4
46. Re8 h3 47. Re1 g4 48. Rh1 Kg6 49. Kc6 Kg5 50. Kxb5 Kh4 51. Kxb4 Rc2 52. a4
g3 53. a5 g2 54. Rd1 h2 0-1

[Event "Amber-rapid 03rd"]
[Site "Monte Carlo"]
[Date "1994.03.28"]
[Round "3"]
[White "Polgar, Zsuzsa"]
[Black "Kortschnoj, Viktor"]
[Result "1/2-1/2"]
[WhiteElo "2550"]
[BlackElo "2615"]
[PlyCount "203"]
[EventDate "1994.03.26"]
[EventType "tourn (rapid)"]
[EventRounds "11"]
[EventCountry "MNC"]
[EventCategory "16"]
[Source "ChessBase"]
[SourceDate "1994.07.01"]

1. d4 Nf6 2. c4 e6 3. Nf3 Bb4+ 4. Bd2 Qe7 5. g3 Nc6 6. Nc3 O-O 7. Bg2 d6 8. d5
Nb8 9. dxe6 fxe6 10. O-O Nc6 11. Qc2 a5 12. b3 Bd7 13. a3 Bxc3 14. Bxc3 Be8 15.
b4 Bg6 16. Qb2 Be4 17. Qd2 e5 18. b5 Nd8 19. Bxa5 Ne6 20. Bb4 Qf7 21. a4 b6 22.
a5 bxa5 23. Rxa5 Rxa5 24. Bxa5 Nc5 25. Qc3 h6 26. Bb4 Nfd7 27. Nd2 Bxg2 28.
Kxg2 Qh5 29. Qe3 Ne6 30. Ne4 Nd4 31. f3 Qf7 32. Qd3 Ra8 33. Bc3 Ra4 34. Bxd4
exd4 35. Qxd4 Rxc4 36. Qd2 d5 37. Nf2 Nc5 38. Ra1 Na4 39. Qd1 Nb6 40. Qd3 Qe8
41. Rb1 Qe5 42. Ng4 Qe6 43. Rd1 d4 44. Nf2 Nd5 45. Ra1 Ne3+ 46. Kg1 Qf5 47.
Qxf5 Nxf5 48. Nd3 Ne3 49. Ra8+ Kh7 50. Kf2 Rc3 51. f4 Rb3 52. Rd8 Ng4+ 53. Kg2
Rxb5 54. Rxd4 c5 55. Ra4 c4 56. Nf2 Ne3+ 57. Kf3 Rb3 58. Ke4 Nf1 59. Kd4 Nxh2
60. Ne4 Rb2 61. e3 Rg2 62. Rxc4 Nf1 63. Rc7 Nxg3 64. Nf6+ Kg6 65. Nd5 Ra2 66.
Ke5 Ra4 67. Rc6+ Kh5 68. Nc3 Ra5+ 69. Ke6 Nf5 70. Nd5 Rxd5 71. Kxd5 Ne7+ 72.
Kd6 Nxc6 73. Kxc6 Kg4 74. Kd6 h5 75. e4 h4 76. e5 h3 77. e6 h2 78. e7 h1=Q 79.
e8=Q Qd1+ 80. Kc7 Qc1+ 81. Kb7 Qb2+ 82. Ka7 Kxf4 83. Qf8+ Qf6 84. Qb4+ Kf3 85.
Qb3+ Kg2 86. Qd5+ Kh2 87. Qd2+ Kg3 88. Qe3+ Kg2 89. Qe4+ Qf3 90. Qg6+ Qg3 91.
Qe4+ Kf1 92. Qb1+ Kf2 93. Qc2+ Kf3 94. Qd3+ Kg2 95. Qe4+ Kf1 96. Qb1+ Qe1 97.
Qd3+ Qe2 98. Qh3+ Qg2 99. Qd3+ Kf2 100. Qd2+ Kg1 101. Qd1+ Kh2 102. Qh5+
1/2-1/2

[Event "Amber-rapid 03rd"]
[Site "Monte Carlo"]
[Date "1994.03.31"]
[Round "5"]
[White "Polgar, Zsuzsa"]
[Black "Ljubojevic, Ljubomir"]
[Result "0-1"]
[WhiteElo "2550"]
[BlackElo "2600"]
[PlyCount "160"]
[EventDate "1994.03.26"]
[EventType "tourn (rapid)"]
[EventRounds "11"]
[EventCountry "MNC"]
[EventCategory "16"]
[Source "ChessBase"]
[SourceDate "1994.07.01"]

1. d4 g6 2. c4 Bg7 3. Nf3 c5 4. d5 d6 5. e4 Nf6 6. Nc3 O-O 7. h3 Re8 8. Bd3 e6
9. O-O exd5 10. cxd5 c4 11. Bc2 Bd7 12. Bf4 Qb6 13. Rb1 Na6 14. b4 cxb3 15.
Rxb3 Qc7 16. Re1 Nc5 17. Rb1 Nh5 18. Bd2 Rac8 19. Rc1 b5 20. a3 a5 21. Ne2 Qb6
22. Be3 Qb8 23. Nd2 Bb2 24. Rb1 Bxa3 25. g4 Nf6 26. Ng3 Rf8 27. Bh6 Ne8 28.
Bxf8 Kxf8 29. Qf3 Bb4 30. Qe3 Kg8 31. Kh2 Qc7 32. Rg1 Bxd2 33. Qxd2 Qd8 34. Nf5
b4 35. Qd4 Bxf5 36. gxf5 Qf6 37. Qe3 b3 38. Bxb3 Qe5+ 39. f4 Qxe4 40. Qxe4 Nxe4
41. fxg6 hxg6 42. Rgc1 Nc5 43. Ba4 Nf6 44. Bc6 Kg7 45. Kg2 Nfe4 46. Rc2 Rh8 47.
Ra1 Rh4 48. Rxa5 Nd3 49. Kh2 Nxf4 50. Ra3 g5 51. Ra4 Rxh3+ 52. Kg1 Nc3 53. Ra7
Nce2+ 54. Kf1 Ng3+ 55. Ke1 Ne4 56. Bb5 Rh1+ 57. Bf1 Ng3 58. Kf2 Nxf1 59. Rcc7
Nd2 60. Rxf7+ Kg6 61. Rg7+ Kf5 62. Raf7+ Kg4 63. Ke3 Nc4+ 64. Kd4 Ne5 65. Rf8
Rd1+ 66. Ke4 Re1+ 67. Kd4 Nf3+ 68. Kc4 Rc1+ 69. Kb3 Nd2+ 70. Kb2 Nd3+ 71. Ka2
Rc2+ 72. Ka3 Rc5 73. Ka4 Rxd5 74. Rb8 Kg3 75. Rb5 Rxb5 76. Kxb5 g4 77. Kc6 Ne4
78. Kd5 Kf3 79. Ke6 g3 80. Kf5 Ndf2 0-1

[Event "Amber-rapid 03rd"]
[Site "Monte Carlo"]
[Date "1994.04.01"]
[Round "6"]
[White "Karpov, Anatoly"]
[Black "Polgar, Zsuzsa"]
[Result "1-0"]
[WhiteElo "2740"]
[BlackElo "2550"]
[PlyCount "96"]
[EventDate "1994.03.26"]
[EventType "tourn (rapid)"]
[EventRounds "11"]
[EventCountry "MNC"]
[EventCategory "16"]
[Source "ChessBase"]
[SourceDate "1994.07.01"]

1. d4 Nf6 2. c4 g6 3. g3 Bg7 4. Bg2 c5 5. Nf3 O-O 6. O-O d6 7. Nc3 Nc6 8. dxc5
dxc5 9. Be3 Qa5 10. Qb3 Bd7 11. Rad1 Rad8 12. Nd5 b6 13. Bd2 Qa6 14. Bc3 Nxd5
15. cxd5 Na5 16. Qc2 Bxc3 17. Qxc3 Qxe2 18. Rfe1 Qc4 19. Qe3 Qg4 20. Qxe7 Rfe8
21. Qf6 Qf5 22. Qh4 Kg7 23. b4 cxb4 24. Qxb4 Rxe1+ 25. Rxe1 Re8 26. Qc3+ Qf6
27. Ne5 Kg8 28. Qc7 Bb5 29. Re3 Qe7 30. d6 Qxc7 31. dxc7 Rc8 32. Rc3 Bc4 33.
Nc6 Nxc6 34. Rxc4 Na5 35. Rc3 a6 36. a4 b5 37. axb5 axb5 38. Rc5 Kg7 39. Bd5
Kf6 40. Rxb5 Rxc7 41. Rxa5 h5 42. Rb5 Kg7 43. Rb7 Rxb7 44. Bxb7 h4 45. g4 Kf6
46. Kg2 Ke5 47. Kf3 g5 48. Bc8 Kd5 1-0

[Event "Amber-rapid 03rd"]
[Site "Monte Carlo"]
[Date "1994.04.05"]
[Round "9"]
[White "Polgar, Zsuzsa"]
[Black "Polgar, Judit"]
[Result "1-0"]
[WhiteElo "2550"]
[BlackElo "2630"]
[Annotator "Polgar,Zsu"]
[PlyCount "111"]
[EventDate "1994.03.26"]
[EventType "tourn (rapid)"]
[EventRounds "11"]
[EventCountry "MNC"]
[EventCategory "16"]
[Source "ChessBase"]
[SourceDate "1994.06.01"]

1. d4 Nf6 2. Nf3 g6 3. c4 Bg7 4. Nc3 O-O 5. e4 d6 6. Be2 e5 7. dxe5 dxe5 8.
Qxd8 Rxd8 9. Nd5 (9. Bg5) 9... Na6 $6 (9... Nxd5 10. cxd5 c6) (9... Rd7) 10.
Bg5 Rd6 11. Bxf6 Bxf6 12. Nxf6+ Rxf6 13. Nxe5 Re6 14. f4 Nc5 (14... f6 15. Ng4
h5 16. Nf2 Nc5 17. O-O-O Nxe4 18. Rd8+ Kf7 19. Nxe4 Rxe4 20. Bd3 $16 {
Bellon-Fernandez 1989.}) 15. O-O-O f6 (15... Nxe4 16. Rd8+ Kg7 17. Bg4 $1 f5
18. Bf3 $16) 16. Rd8+ Kg7 17. Nf3 (17. Nd3 Rxe4) 17... Rxe4 (17... Nxe4 $5) 18.
Nd4 $1 Kf7 (18... Rxf4 $2 19. b4 $18) 19. Bf3 Re8 20. Bd5+ Ke7 21. Rxe8+ (21.
Nc6+ $6 Kf8 22. Rxe8+ Kxe8 23. Re1+ Kd7) 21... Kxe8 22. Nb5 $1 Na6 (22... c6 $2
23. Nc7+ Kd8 24. Nxa8 cxd5 25. Rd1 $18) 23. Re1+ Kf8 24. Bf3 (24. a3 $1 c6 25.
Nd6 cxd5 26. Re8+ Kg7 27. cxd5 Nc7 28. Re7+ $18) 24... h5 25. Re3 $2 (25. h3 $6
Nc5 26. Nxc7 Nd3+ 27. Kd2 Nxe1 28. Nxa8 Nxf3+ 29. gxf3 Bxh3) (25. a3 $1) 25...
Rb8 $1 26. Nxa7 Bf5 27. Nb5 Rd8 28. Bxb7 (28. Be4 $2 Re8) (28. a3 Nc5) 28...
Nb4 $1 (28... Nc5 $2 29. Bd5 (29. Bf3 Nd3+ 30. Kc2 $18) 29... Nd3+ 30. Rxd3
Bxd3 31. Nxc7 $18) 29. Be4 (29. Nc3 $2 Nd3+ 30. Kc2 Nc5+ $19) 29... Nxa2+ 30.
Kb1 Nb4 31. Nc3 Rd4 $2 (31... Bxe4+ 32. Rxe4 Rd2 33. Re2 Rd4) (31... Re8 32.
Re2 Bg4) 32. b3 Bxe4+ 33. Rxe4 $2 (33. Nxe4) 33... Rd3 34. Kb2 Rd2+ 35. Ka3
Nc2+ 36. Ka4 Rxg2 37. h4 Rg1 38. b4 (38. Nd5 $2 c6 $1 $19) 38... Rg3 39. Kb3
Ne3 40. Ne2 Rh3 41. Ng1 Nf1+ $2 (41... Rg3 $10) 42. Nxh3 Nd2+ 43. Ka4 $1 Nxe4
44. Kb5 Ke7 45. Kc6 Kd8 46. Kd5 $1 Nd6 47. Ke6 Nxc4 (47... f5 48. c5 $18) 48.
Kxf6 Ne3 49. Kxg6 Nd5 50. f5 Nxb4 51. f6 Nc6 52. f7 Ne5+ 53. Kg7 Nd7 54. Nf4 c6
55. Nxh5 Ke7 56. Nf6 1-0

[Event "Veterans-Women"]
[Site "Monte Carlo"]
[Date "1994.??.??"]
[Round "2"]
[White "Hort, Vlastimil"]
[Black "Polgar, Zsuzsa"]
[Result "1/2-1/2"]
[WhiteElo "2535"]
[BlackElo "2550"]
[Annotator "Polgar,Zsu"]
[PlyCount "75"]
[EventDate "1994.06.??"]
[EventType "schev"]
[EventRounds "6"]
[EventCountry "MNC"]
[Source "ChessBase"]
[SourceDate "1994.10.01"]

1. d4 Nf6 2. c4 g6 3. Nc3 Bg7 4. e4 d6 5. Bd3 O-O 6. Nge2 Nc6 7. O-O Nd7 8. Bc2
$5 (8. Be3) 8... e5 9. d5 (9. dxe5) 9... Nd4 10. Nxd4 exd4 11. Nb5 Ne5 (11...
Nb6 $5) 12. Nxd4 (12. Qe2 $6 c5 13. dxc6 Nxc6 $15) 12... Nxc4 13. Rb1 $1 (13.
b3 Qf6 14. bxc4 Qxd4 15. Qxd4 Bxd4 16. Rb1 b6 $15) 13... Ne5 (13... Qf6 14. Ne2
c5 15. b3 $14) 14. Bd2 $5 (14. f4 $142) 14... c5 $1 15. dxc6 bxc6 (15... Nxc6
16. Nb5) 16. Bc3 c5 17. Ne2 Ba6 18. Re1 Bc4 $1 (18... Qg5 19. f4 Bxe2 20. fxg5
Bxd1 21. Rbxd1 Rad8 22. Bb3 Nc6 $10) 19. a3 (19. b3 $2 Nf3+ $1 20. gxf3 Bxe2
21. Qxe2 Bxc3 $17) (19. Bb3 Bd3 20. Bxe5 dxe5 $15) 19... Qh4 (19... Qg5 $5) 20.
Bxe5 $6 (20. Qxd6 $1 Rfd8 21. Bxe5 Rxd6 22. Bxd6 Bxe2 23. Rxe2 Bd4 24. Bb3 $44)
20... Bxe5 21. g3 Qf6 22. b3 Ba6 23. f4 Bb2 24. e5 $2 (24. Bd3 Bb7 $1 $40 (
24... Bxd3 25. Qxd3 Bxa3 26. Nc3 $44)) 24... dxe5 $1 25. Rxb2 Bb7 $2 (25...
exf4 $1 26. Qc1 (26. Rb1 Rad8 27. Qc1 f3 28. Nf4 Qd4+ 29. Qe3 f2+ 30. Kxf2 Qd2+
$17) (26. Ra2 Rad8 27. Qc1 (27. Qa1 Qxa1 28. Raxa1 Rd2 29. Bd1 f3 $19) 27...
Rfe8 28. Nxf4 Qd4+ 29. Kg2 Qd2+ $19) 26... Rfe8 $19) 26. Qb1 (26. Nc3 $2 exf4
27. Qd3 Rad8 28. Qc4 Rd2 $19) (26. Nc1 exf4 27. Ra2 Rad8 28. Qe2 Rfe8 29. Qxe8+
Rxe8 30. Rxe8+ Kg7 $44) 26... exf4 27. Nxf4 Qd4+ (27... Rfe8 28. Rd1 $1 Re2 29.
Nxe2 Qf3 30. Nf4 Re8 31. Bd3 Qh1+ 32. Kf2 $10) 28. Kf1 Rfe8 29. Ra2 $2 (29. Bd3
$1 g5 30. Rd2 Qc3 31. Rxe8+ Rxe8 32. Rc2 Qf6 33. Rf2 $10) 29... Ba6+ 30. Bd3
Rxe1+ 31. Kxe1 Qg1+ 32. Kd2 Qxh2+ 33. Kc1 Qxg3 34. Bxa6 Qxf4+ 35. Rd2 Rd8 36.
Bd3 h5 37. Qc2 $2 (37. Kc2 $142) 37... Rd5 $6 (37... h4 $1) 38. Kb2 $6 (38. Kb1
$142) (38. Kb2 $6 h4 39. Ka2 Qd6 40. Rd1 h3 $19) 1/2-1/2

[Event "Veterans-Women"]
[Site "Monte Carlo"]
[Date "1994.??.??"]
[Round "3"]
[White "Polgar, Zsuzsa"]
[Black "Larsen, Bent"]
[Result "1-0"]
[WhiteElo "2550"]
[BlackElo "2560"]
[Annotator "Ribli"]
[PlyCount "83"]
[EventDate "1994.06.??"]
[EventType "schev"]
[EventRounds "6"]
[EventCountry "MNC"]
[Source "ChessBase"]
[SourceDate "1994.10.01"]

1. d4 c6 2. c4 d6 3. Nc3 e5 4. Nf3 Nd7 5. e4 Ngf6 6. Be2 Be7 7. O-O O-O 8. Be3
a6 9. d5 cxd5 10. cxd5 Ng4 (10... b5 11. Nd2 Nb6 12. a4 $14 {Arkhipov,S-Hickl,
J/Lippstadt/1992/CBM31/}) (10... Ne8 11. a4 g6 12. a5 $14 {Yuferov,S-Genba,V/
St.Petersburg op/1994/CBM41/}) 11. Bd2 Nb6 $6 (11... b5 12. Ne1 $1 Ngf6 13. Nc2
Nc5 14. f3 $14 {Chekhov,V-Hickl,J/Deutschland/1992/}) 12. h3 Nf6 13. Be3 Ne8
14. a4 $14 Nd7 15. a5 g6 16. Nd2 Bg5 (16... f5 17. Nc4 $14) 17. Bxg5 Qxg5 18.
Nc4 Rb8 19. Qc1 $1 Qf4 (19... Qxc1 20. Rfxc1 b5 21. axb6 Nxb6 22. Na5 $16) 20.
b4 h5 21. Ra2 b5 22. axb6 Nxb6 23. Na5 $1 Kg7 24. Nc6 Ra8 25. Qxf4 exf4 26. Rc1
Nf6 (26... Nc7 27. Na4 Nxa4 28. Rxa4 $16) 27. Rca1 $1 $18 Re8 28. f3 Nfd7 29.
Bxa6 Bxa6 30. Rxa6 Rac8 (30... Rxa6 31. Rxa6 Ra8 32. Rxa8 Nxa8 33. Nb5 $18) 31.
Nb5 Nc4 32. Nca7 Rb8 33. Nxd6 Nxd6 34. Rxd6 Ne5 35. b5 Rb7 36. Rda6 h4 37. Rc1
Nd7 38. Nc8 $1 Rb8 39. Nd6 Rf8 40. Rc7 Ne5 41. b6 Ra8 42. Rxa8 1-0

[Event "Veterans-Women"]
[Site "Monte Carlo"]
[Date "1994.??.??"]
[Round "6"]
[White "Ivkov, Borislav"]
[Black "Polgar, Zsuzsa"]
[Result "1/2-1/2"]
[WhiteElo "2485"]
[BlackElo "2550"]
[PlyCount "35"]
[EventDate "1994.06.??"]
[EventType "schev"]
[EventRounds "6"]
[EventCountry "MNC"]
[Source "ChessBase"]
[SourceDate "1994.10.01"]

1. e4 e6 2. d4 d5 3. Nd2 c5 4. Ngf3 cxd4 5. exd5 Qxd5 6. Bc4 Qd6 7. O-O Nf6 8.
Nb3 Nc6 9. Nbxd4 Nxd4 10. Qxd4 Qxd4 11. Nxd4 Bd7 12. Bb5 Bc5 13. Bxd7+ Nxd7 14.
Nb3 Bb6 15. Bd2 O-O-O 16. Bc3 e5 17. Rad1 f6 18. Rfe1 1/2-1/2

[Event "Veterans-Women"]
[Site "Monte Carlo"]
[Date "1994.??.??"]
[Round "7"]
[White "Polgar, Zsuzsa"]
[Black "Hort, Vlastimil"]
[Result "1-0"]
[WhiteElo "2550"]
[BlackElo "2535"]
[Annotator "Polgar,Zsu"]
[PlyCount "111"]
[EventDate "1994.06.??"]
[EventType "schev"]
[EventRounds "6"]
[EventCountry "MNC"]
[Source "ChessBase"]
[SourceDate "1994.10.01"]

1. d4 d5 2. c4 c6 3. Nf3 Nf6 4. Nc3 a6 5. cxd5 cxd5 6. Bf4 b5 $5 (6... Nc6) 7.
e3 e6 8. Bd3 Bb7 9. O-O Be7 {/\ Nh5} 10. h3 Nc6 11. a4 $1 b4 (11... bxa4 12.
Rxa4 $14) 12. Na2 (12. Ne2 $5) 12... O-O 13. Nc1 Na5 (13... a5 $6 14. Nb3 $16 {
xb5}) 14. Nb3 Ne4 15. Rc1 Nxb3 16. Qxb3 Rc8 (16... Bd6 17. Bxd6 Qxd6 18. a5 $14
) 17. Rc2 $1 {/\ Rfc1} g5 $5 18. Bh2 Qb6 19. Rfc1 Rxc2 20. Rxc2 Rc8 21. Rxc8+
Bxc8 22. Qc2 $1 Bb7 23. Bc7 $1 Qc6 (23... Qa7 24. a5 $16) 24. Qxc6 Bxc6 25. b3
$16 {xb4} Bb7 26. Ne1 h6 $6 (26... f5 $5) 27. Ba5 Nc3 28. Kf1 Na2 $6 (28... f6
$5 29. Nc2 Na2) 29. Bc2 $1 f6 30. Ke2 e5 31. Kd2 e4 (31... exd4 32. exd4 $18)
32. Bd1 Bd6 $2 (32... f5 $142) 33. Bg4 $18 Kf7 34. Bf5 h5 35. g3 Nc3 $138 36.
Nc2 Na2 37. Bd8 Nc3 38. Bb6 $1 {/\ Bc5} h4 39. gxh4 gxh4 40. Ba5 $2 (40. Bc5 $1
Bxc5 41. dxc5 a5 42. Nd4 $18) 40... Na2 41. Ne1 Kg7 42. Bd8 Bh2 43. Ng2 Bg1 44.
Nf4 (44. Nxh4 $5) 44... Bxf2 45. Ne6+ Kf7 46. Nc5 Bc6 47. Nxa6 Bg3 48. Nc7 Nc3
49. a5 Bd6 $2 (49... Bxc7 50. Bxc7 Nb5 51. Bh2 $5 {/\ Bg1-f2} (51. Bb8 Bb7 52.
Bd7 Ba6 53. Bxb5 Bxb5 54. Ke1 Ke7 55. Kf2 Bc4 $1 56. Ba7 Bxb3 57. Bc5+ Kd7 58.
Bxb4 Bc4 $10)) 50. a6 Be7 51. Bg6+ $1 Kxg6 52. Bxe7 Nb5 53. Nxb5 Bxb5 54. a7
Bc6 55. Bxb4 Kf7 56. Kc2 {/\ Be1} 1-0

[Event "Pardubice"]
[Site "Pardubice"]
[Date "1994.??.??"]
[Round "2"]
[White "Polgar, Zsuzsa"]
[Black "Kindermann, Stefan"]
[Result "0-1"]
[WhiteElo "2550"]
[BlackElo "2560"]
[PlyCount "80"]
[EventDate "1994.07.??"]
[EventType "tourn"]
[EventRounds "9"]
[EventCountry "CZE"]
[EventCategory "15"]
[Source "ChessBase"]
[SourceDate "1994.10.01"]

1. d4 Nf6 2. c4 e6 3. Nf3 b6 4. Bf4 Bb7 5. e3 Bb4+ 6. Nfd2 O-O 7. a3 Be7 8. Nc3
c5 9. d5 exd5 10. cxd5 d6 11. e4 Nbd7 12. Be2 Ne8 13. Nc4 Ba6 14. O-O Bxc4 15.
Bxc4 a6 16. a4 Bf6 17. Qe2 Qc8 18. Bg3 Bd4 19. Kh1 Ne5 20. f4 Nxc4 21. Qxc4 Nf6
22. Bf2 b5 23. axb5 axb5 24. Rxa8 bxc4 25. Rxc8 Rxc8 26. Nb5 Bxf2 27. Rxf2 Nxe4
28. Re2 f5 29. g4 Rb8 30. Na3 c3 31. bxc3 Rb3 32. gxf5 Nxc3 33. Re8+ Kf7 34.
Ra8 Nxd5 35. Nc4 Nxf4 36. Nxd6+ Ke7 37. Nc8+ Kf6 38. Kg1 Kxf5 39. Ra6 Ke4 40.
Kf2 Rb2+ 0-1

[Event "Pardubice"]
[Site "Pardubice"]
[Date "1994.??.??"]
[Round "3"]
[White "Hracek, Zbynek"]
[Black "Polgar, Zsuzsa"]
[Result "1/2-1/2"]
[WhiteElo "2530"]
[BlackElo "2550"]
[PlyCount "57"]
[EventDate "1994.07.??"]
[EventType "tourn"]
[EventRounds "9"]
[EventCountry "CZE"]
[EventCategory "15"]
[Source "ChessBase"]
[SourceDate "1994.10.01"]

1. e4 e5 2. Nf3 Nf6 3. d4 Nxe4 4. Bd3 d5 5. Nxe5 Nd7 6. Nc3 Nxc3 7. bxc3 Nxe5
8. dxe5 Bc5 9. Qh5 Be6 10. O-O Qd7 11. Qh4 Be7 12. Bg5 Bxg5 13. Qxg5 O-O 14.
Rae1 f5 15. exf6 Rxf6 16. Re5 Bf7 17. Rfe1 Qc6 18. Qg3 Re8 19. Rxe8+ Bxe8 20.
Re7 Rf7 21. Re5 Bd7 22. Qh4 g6 23. Qd4 Be6 24. h4 Qd6 25. h5 c5 26. Qe3 Rf6 27.
hxg6 hxg6 28. Qg5 Bf7 29. Bf1 1/2-1/2

[Event "Pardubice"]
[Site "Pardubice"]
[Date "1994.??.??"]
[Round "8"]
[White "Greenfeld, Alon"]
[Black "Polgar, Zsuzsa"]
[Result "1-0"]
[WhiteElo "2600"]
[BlackElo "2550"]
[PlyCount "51"]
[EventDate "1994.07.??"]
[EventType "tourn"]
[EventRounds "9"]
[EventCountry "CZE"]
[EventCategory "15"]
[Source "ChessBase"]
[SourceDate "1994.10.01"]

1. d4 d5 2. c4 e6 3. Nf3 c6 4. Qc2 Nf6 5. g3 Nbd7 6. Bg2 Bd6 7. Nbd2 O-O 8. O-O
Re8 9. b3 e5 10. dxe5 Nxe5 11. Bb2 Nxf3+ 12. Nxf3 dxc4 13. bxc4 Qe7 14. e3 Ne4
15. Rab1 c5 16. Rfe1 Bc7 17. Nh4 Rb8 18. Rbd1 b5 19. cxb5 Rxb5 20. Ba1 Rb6 21.
Rd5 Rh6 22. Qxe4 Qxe4 23. Bxe4 Rxe4 24. Rxc5 Rhxh4 25. Rxc7 Bh3 26. Rec1 1-0

[Event "Moscow ol (Women)"]
[Site "Moscow"]
[Date "1994.??.??"]
[Round "12"]
[White "Matveeva, Svetlana"]
[Black "Polgar, Zsuzsa"]
[Result "0-1"]
[WhiteElo "2450"]
[BlackElo "2550"]
[PlyCount "68"]
[EventDate "1994.12.01"]
[EventType "team-swiss"]
[EventRounds "14"]
[EventCountry "RUS"]
[Source "ChessBase"]
[SourceDate "1995.05.01"]

1. d4 d5 2. c4 e6 3. Nc3 c6 4. Nf3 dxc4 5. a4 Bb4 6. e3 b5 7. Bd2 a5 8. axb5
Bxc3 9. bxc3 cxb5 10. Ne5 Nf6 11. Rb1 Ba6 12. Be2 O-O 13. f4 Ne4 14. Bf3 Nxd2
15. Qxd2 Ra7 16. d5 exd5 17. Bxd5 Kh8 18. Rd1 Qe8 19. Kf2 f6 20. Qd4 Re7 21.
Nf7+ Rexf7 22. Bxf7 Qxf7 23. Qb6 Bb7 24. Rd4 Nc6 25. Rd6 Ne5 26. Ra1 Be4 27.
Rd8 Nd3+ 28. Ke2 h6 29. Rxf8+ Qxf8 30. Qxb5 Qc8 31. f5 Bxf5 32. Rxa5 Be4 33.
Qh5 Bxg2 34. Ra7 Qb8 0-1

[Event "New York PCA-qual"]
[Site "New York"]
[Date "1995.??.??"]
[Round "2"]
[White "Speelman, Jonathan S"]
[Black "Polgar, Zsuzsa"]
[Result "1-0"]
[WhiteElo "2610"]
[BlackElo "2550"]
[Annotator "Speelman,J"]
[PlyCount "85"]
[EventDate "1995.??.??"]
[EventType "swiss"]
[EventRounds "11"]
[EventCountry "USA"]
[Source "ChessBase"]
[SourceDate "1995.09.01"]

1. Nf3 d5 2. g3 c6 3. Bg2 Bg4 4. O-O Nd7 5. d4 e6 6. Nbd2 Ngf6 7. Re1 Bd6 8. e4
dxe4 9. Nxe4 Nxe4 10. Rxe4 Bxf3 11. Qxf3 O-O 12. c3 e5 13. Qd1 Qc7 14. dxe5
Nxe5 15. Qc2 h6 16. Bf4 Rad8 17. Rd1 Ng6 18. Be3 Be7 19. Re1 $1 Rfe8 20. h4 $5
{xg3} Bd6 21. Bxa7 $5 Rxe4 22. Bxe4 b6 (22... Bxg3 23. Bxg6 fxg6 (23... Bxh4
24. Qe4 $1) 24. Qxg6 Bxh4 25. Re8+ Rxe8 26. Qxe8+ Kh7 27. Qe4+) 23. Bxg6 Qxa7 (
23... fxg6 24. Qb3+) 24. Be4 Qxa2 25. Bxc6 $16 Ba3 26. Re2 Bc5 27. Kg2 Qa1 (
27... Qc4) 28. Ba4 $1 Qa2 29. Qe4 Qd5 30. Qxd5 Rxd5 31. Re8+ Kh7 $6 (31... Bf8
32. Rb8 Rd2 33. b4 (33. Rxb6 Bc5 $1) 33... Rd3 34. Rc8 g5 (34... g6 {leaves
the g6 pawn loose.} 35. Bb3 Rd7 36. Rc6 Kg7 (36... Bg7 37. Rxg6) 37. Rxb6 Rc7
38. Bd5 Rxc3 39. Rb7 $18) 35. hxg5 hxg5 36. Bb3 Rd7 {should be winning though
Black can fight.}) 32. b4 Bd6 33. Bb3 Rd2 34. Bxf7 g5 35. hxg5 hxg5 36. Re6 Bc7
37. Bg6+ Kg7 38. Re7+ Kxg6 39. Rxc7 b5 40. Rc6+ Kh5 41. Rc5 Rc2 42. Rxb5 Rxc3
43. f4 1-0

[Event "North Bay op"]
[Site "North Bay"]
[Date "1995.??.??"]
[Round "?"]
[White "Findlay, Ian T"]
[Black "Polgar, Zsuzsa"]
[Result "1/2-1/2"]
[WhiteElo "2345"]
[BlackElo "2545"]
[PlyCount "153"]
[EventDate "1995.??.??"]
[EventType "swiss"]
[EventRounds "9"]
[EventCountry "CAN"]
[Source "ChessBase"]
[SourceDate "2001.11.25"]

1. e4 e5 2. Nf3 Nc6 3. Bb5 a6 4. Ba4 Nf6 5. O-O Nxe4 6. d4 b5 7. Bb3 d5 8. dxe5
Be6 9. Nbd2 Nc5 10. c3 Be7 11. Bc2 Qd7 12. Nb3 Bg4 13. Re1 Rd8 14. Nbd4 Nxd4
15. cxd4 Ne6 16. Be3 c5 17. h3 Bxf3 18. Qxf3 cxd4 19. Bd2 O-O 20. a4 Rc8 21.
Qd3 g6 22. axb5 Qxb5 23. Qxb5 axb5 24. Bb3 d3 25. Be3 Rfd8 26. Red1 d4 27. Bxe6
dxe3 28. Bxc8 e2 29. Bg4 exd1=Q+ 30. Rxd1 Bb4 31. g3 h5 32. Bf3 d2 33. Bc6 Rc8
34. Bxb5 Rc5 35. Be2 Rxe5 36. Kf1 Rc5 37. h4 Rc2 38. b3 Rc7 39. Bc4 Re7 40. Be2
Bc3 41. Rb1 Re4 42. b4 Bxb4 43. Rb3 Rd4 44. Bd1 Kg7 45. Ke2 Kf6 46. Rf3+ Ke7
47. Re3+ Kf6 48. Rf3+ Kg7 49. Rd3 Re4+ 50. Re3 Rc4 51. Rd3 f5 52. f4 Re4+ 53.
Re3 Kf6 54. Bc2 Rd4 55. Bd1 Bc5 56. Rd3 Rxd3 57. Kxd3 Bf2 58. Kxd2 Bxg3 59. Ke3
Bxh4 60. Kf3 Be1 61. Ba4 h4 62. Kg2 Bg3 63. Kh3 Be1 64. Bb5 Bg3 65. Ba4 Bxf4
66. Kxh4 g5+ 67. Kh3 g4+ 68. Kg2 Ke5 69. Bc2 Bd2 70. Bd3 Kf4 71. Bc2 Kg5 72.
Bd3 f4 73. Be2 Kf5 74. Bd1 Be3 75. Be2 f3+ 76. Bxf3 gxf3+ 77. Kxf3 1/2-1/2

[Event "North Bay op"]
[Site "North Bay"]
[Date "1995.??.??"]
[Round "?"]
[White "Karklins, Andrew"]
[Black "Polgar, Zsuzsa"]
[Result "1/2-1/2"]
[WhiteElo "2340"]
[BlackElo "2545"]
[PlyCount "81"]
[EventDate "1995.??.??"]
[EventType "swiss"]
[EventRounds "9"]
[EventCountry "CAN"]
[Source "ChessBase"]
[SourceDate "2001.11.25"]

1. e4 c5 2. Nf3 Nc6 3. d4 cxd4 4. Nxd4 e5 5. Nf5 d5 6. Qxd5 Qxd5 7. exd5 Bxf5
8. dxc6 bxc6 9. Bd3 Bxd3 10. cxd3 O-O-O 11. Ke2 Bc5 12. Nc3 Ne7 13. Na4 Bd4 14.
Be3 Rd6 15. Rac1 Rhd8 16. Nc5 Nd5 17. Rc2 Bxc5 18. Rxc5 Kb7 19. Rhc1 f6 20. Bd2
R8d7 21. R1c2 h5 22. R5c4 g5 23. h3 Nb6 24. R4c3 g4 25. hxg4 hxg4 26. Be3 Nd5
27. Rb3+ Ka8 28. Rc4 f5 29. Ra4 Re6 30. Rba3 Ree7 31. Rc4 Re6 32. Ra6 Nf4+ 33.
Bxf4 exf4+ 34. Kd2 f3 35. gxf3 gxf3 36. Raxc6 Re2+ 37. Kc3 Rxf2 38. Rf6 Rf1 39.
Rxf5 Rc1+ 40. Kb4 Rb1 41. Rxf3 1/2-1/2

[Event "North Bay op"]
[Site "North Bay"]
[Date "1995.??.??"]
[Round "?"]
[White "Ochkoos, Jura"]
[Black "Polgar, Zsuzsa"]
[Result "1-0"]
[WhiteElo "2230"]
[BlackElo "2545"]
[PlyCount "127"]
[EventDate "1995.??.??"]
[EventType "swiss"]
[EventRounds "9"]
[EventCountry "CAN"]
[Source "ChessBase"]
[SourceDate "1999.11.16"]

1. e4 c5 2. c3 d5 3. exd5 Qxd5 4. d4 Nc6 5. Nf3 Bg4 6. Be2 cxd4 7. cxd4 e6 8.
O-O Nf6 9. h3 Bh5 10. Nc3 Qa5 11. g4 Bg6 12. Ne5 Bb4 13. Bf4 O-O 14. Nb5 Nd5
15. Bg3 a6 16. Nxc6 bxc6 17. Nd6 Bxd6 18. Bxd6 Rfd8 19. Bg3 Qb4 20. Qb3 Qxd4
21. Rfd1 Qa7 22. Rac1 Rac8 23. Qa4 Qb6 24. Bxa6 Ra8 25. Rxc6 Qxb2 26. Qb3 Qxb3
27. axb3 Be4 28. Kh2 h5 29. gxh5 Bf3 30. Rd4 e5 31. Bxe5 Re8 32. Bb7 Ne7 33.
Bxa8 Bxc6 34. Rg4 Rxa8 35. Rxg7+ Kf8 36. h6 Ng6 37. Rxg6 fxg6 38. h7 Kf7 39.
h8=Q Rxh8 40. Bxh8 Ke6 41. Bg7 Bd5 42. b4 Kf5 43. Kg3 Ke4 44. b5 Kf5 45. b6 Bc6
46. Bf8 Bb7 47. Bd6 Bd5 48. h4 Bb7 49. Be7 Bc6 50. Bg5 Bb7 51. f3 Ke5 52. Kf2
Kf5 53. Ke3 Ke5 54. f4+ Ke6 55. Kd4 Bf3 56. Kc5 Kd7 57. Kb5 Be2+ 58. Ka5 Kc6
59. Bd8 Bd3 60. Kb4 Be2 61. Kc3 Bf3 62. Kd4 Kd7 63. f5 gxf5 64. h5 1-0